000 00917nam a2200277Ia 4500
005 20220316235406.0
008 121119s1995 ck gr 000 0 spa
020 _a9586016196
041 0 _aspa
082 0 4 _a336.3435
_bJ85d
100 1 _aJunguito Bonnet, Roberto,
245 1 3 _aLa deuda externa en el siglo XIX
_bcien años de incumplimiento
_cRoberto Junguito Bonnet
250 _aPrimera edición
264 1 _aSantafé de Bogotá
_bTercer Mundo
_c1995
300 _a225 páginas
336 _atexto
_btxt
_2rdacontent
337 _asin mediación
_bn
_2rdamedia
338 _avolumen
_bnc
_2rdacarrier
490 0 _aHistoria económica
650 1 4 _2LEMB
_aDeuda externa
_xHistoria
_zColombia
650 1 4 _2LEMB
_aDeuda externa
_vFinanzas
651 4 _aColombia
_xHistoria
_ySiglo XX
_910088
651 4 _aColombia
_xCondiciones económicas
_96226
942 _2ddc
_cBK
040 _aCO-BoRNBP
_bspa
_erda
_cCO-BoRNBP
999 _c820
_d820